00791 2200265 4500001002100000005001700021008004100038035002400079082000800103090001800111100003100129245010500160250001100265260003100276300001800307500005500325650004200380700001900422700001800441850001500459985000600474999001500480999001500495999001500510YOGYA-0209000002841420090227024230.0 ind  0010-020900000028414 a297 a297bMaw KlT aAL-MAULAWY, Muhammad Sa'id aKarakter gerakan IslamcMuhammad Sa'id Al Maulawy; penerjemah Rohmat Basuki; penyunting Saiful Bahri aCet. 1 aSolobPustaka Mantiqc1993 a81 hlmc18 cm aJudul asli : Al-Hatmiyyah Wal Harakiyyah fil Islam aIslam - Organisasi sosial dan politik aBasuki, Rohmat aBahri, Saiful aYOPDYOG(B) a3 a98P0117499 a98P0117450 a98P0117501